|
|
|
|
| LEADER |
00591cam a2200193 a 4500 |
| 001 |
0000097971 |
| 005 |
20080707090000.0 |
| 040 |
|
|
|a mod
|
| 041 |
|
|
|a eng
|
| 020 |
0 |
0 |
|a 9789833927210
|
| 090 |
0 |
0 |
|a 342.595
|b MSA
|e 2007
|
| 100 |
1 |
0 |
|a M Sabri Yusof
|
| 245 |
0 |
0 |
|a Law for administrator and business
|c M Sabri Yusof
|
| 260 |
0 |
0 |
|a Malaysia
|b Pearson/Prentice Hall
|c 2007
|
| 300 |
|
|
|a xi, 147 p.
|c 24 cm
|
| 504 |
0 |
0 |
|a Include bibliographical references
|
| 650 |
0 |
0 |
|a Administrative law
|z Malaysia
|
| 651 |
0 |
0 |
|a Malaysia
|x Constitutional law
|
| 999 |
|
|
|a 0269378
|b PUSASDA
|d BOOKS
|e Umum
|f PUSASDA
|j AVAILABLE
|q GOOD CONDITION
|